Virgin Australia Routes - Statistics

General Stats
  • This quiz has been taken 28 times
  • The average score is 21 of 34
Answers on the Map
Answers color-coded by a green-red scale on the quiz's map according to % correct below.
 
Answer Stats
Airport % Correct
Perth
100%
Sydney
100%
Adelaide
96%
Melbourne
96%
Darwin
93%
Denpasar
89%
Hobart
89%
Brisbane
85%
Gold Coast
85%
Cairns
81%
Canberra
78%
Sunshine Coast
78%
Christmas Island
70%
Queenstown
70%
Launceston
63%
Newcastle
63%
Townsville
63%
Broome
59%
Nadi
59%
Ayers Rock
56%
Apia
48%
Cocos (Keeling) Islands
48%
Rockhampton
48%
Mackay
44%
Port Hedland
44%
Port Vila
44%
Kalgoorlie
41%
Ballina
33%
Newman
30%
Hamilton Island
26%
Karratha
26%
Proserpine
26%
Kununurra
11%
Onslow
7%
No matching quizzes found
Score Distribution
Percent of People with Each Score
Percentile by Number Answered
Your Score History
You have not taken this quiz